[Event "33. Open Barbera del Valles 2010"]
[Site "Barbera del Valles ESP"]
[Date "2010.07.05"]
[Round "2.25"]
[White "Sanglas Clariana, Josep"]
[Black "Navarrete Espi, Samuel"]
[Result "1-0"]
[WhiteElo "2207"]
[BlackElo "2057"]
[PlyCount "65"]
[EventDate "2010.07.04"]
[EventType "swiss"]
[EventRounds "9"]
[EventCountry "ESP"]
[Source "lmi"]
[SourceDate "2010.07.04"]

1. e4 e5 2. Bc4 Nc6 3. Nc3 Bc5 4. d3 Nf6 5. Nf3 a6 6. Be3 Ba7 7. Bxa7 Rxa7 8.
d4 exd4 9. Nxd4 Ne5 10. Bb3 d6 11. f4 Ned7 12. Nf5 O-O 13. Qd4 Nc5 14. O-O-O
Bxf5 15. exf5 b5 16. Rhe1 Rb7 17. Bd5 Rb6 18. g4 b4 19. Ne2 Nxd5 20. Qxd5 a5
21. g5 a4 22. Nd4 b3 23. cxb3 axb3 24. a3 Na4 25. Re3 c5 26. Nc6 Qc7 27. Ne7+
Kh8 28. g6 c4 29. gxf7 Qxe7 30. Rxe7 c3 31. Re8 cxb2+ 32. Kd2 Rb8 33. Rxf8+ 1-0

[Event "33. Open Barbera del Valles 2010"]
[Site "Barbera del Valles ESP"]
[Date "2010.07.05"]
[Round "2.27"]
[White "Nunez Lucero, Francisco"]
[Black "Ezquerro Luque, Albert"]
[Result "0-1"]
[WhiteElo "2178"]
[BlackElo "1981"]
[PlyCount "68"]
[EventDate "2010.07.04"]
[EventType "swiss"]
[EventRounds "9"]
[EventCountry "ESP"]
[Source "lmi"]
[SourceDate "2010.07.04"]

1. e4 e5 2. f4 exf4 3. Nf3 g5 4. Nc3 Nc6 5. d4 g4 6. Bc4 gxf3 7. O-O Nxd4 8.
Rxf3 Nxf3+ 9. Qxf3 Bh6 10. Bxf4 Bxf4 11. Qxf4 Qf6 12. Qd2 Qd6 13. Qg5 Qd4+ 14.
Kh1 Qxc4 15. Qg7 c6 16. Qxh8 f6 17. Nd5 cxd5 18. Qxg8+ Ke7 19. exd5 Qe4 20. Rd1
d6 21. Qg3 Kd7 22. c4 Qg6 23. Qa3 Qc2 24. Re1 Qxc4 25. Qe3 Qxd5 26. Qe7+ Kc6
27. Rc1+ Kb6 28. Qe3+ Ka6 29. Qa3+ Kb5 30. b3 a5 31. Qa4+ Ka6 32. b4 Bh3 33.
b5+ Kb6 34. Qc2 Qxg2+ 0-1

[Event "33. Open Barbera del Valles 2010"]
[Site "Barbera del Valles ESP"]
[Date "2010.07.06"]
[Round "3.1"]
[White "Aloma Vidal, Robert"]
[Black "Almeida Quintana, Omar"]
[Result "1/2-1/2"]
[WhiteElo "2445"]
[BlackElo "2559"]
[PlyCount "86"]
[EventDate "2010.07.04"]
[EventType "swiss"]
[EventRounds "9"]
[EventCountry "ESP"]
[Source "lmi"]
[SourceDate "2010.07.04"]

1. d4 g6 2. c4 Bg7 3. Nc3 d6 4. e4 Nc6 5. Nge2 e5 6. Be3 exd4 7. Nxd4 Nge7 8.
h4 h5 9. Qd2 f5 10. Nxc6 bxc6 11. g3 Be6 12. Bg2 fxe4 13. Nxe4 Nf5 14. Bg5 Qd7
15. O-O-O Rb8 16. Nf6+ Bxf6 17. Bxf6 O-O 18. Bc3 Kh7 19. Be4 Nh6 20. Rhe1 Rbe8
21. f3 c5 22. g4 hxg4 23. h5 Bf5 24. hxg6+ Kxg6 25. Rh1 Nf7 26. Qh2 Rh8 27.
Bxh8 Rxh8 28. Qf4 Bxe4 29. Qxe4+ Qf5 30. Qxg4+ Qxg4 31. fxg4 Rb8 32. Kc2 Ne5
33. b3 a5 34. Rdf1 a4 35. Rh3 axb3+ 36. axb3 Ra8 37. Kb2 Rb8 38. Kc3 Nc6 39.
Rg3 Nd4 40. Kb2 c6 41. g5 d5 42. Rf6+ Kg7 43. Rd6 dxc4 1/2-1/2

[Event "33. Open Barbera del Valles 2010"]
[Site "Barbera del Valles ESP"]
[Date "2010.07.06"]
[Round "3.2"]
[White "Perpinya Rofes, Lluis Maria"]
[Black "Ipatov, Alexander"]
[Result "1/2-1/2"]
[WhiteElo "2344"]
[BlackElo "2507"]
[PlyCount "42"]
[EventDate "2010.07.04"]
[EventType "swiss"]
[EventRounds "9"]
[EventCountry "ESP"]
[Source "lmi"]
[SourceDate "2010.07.04"]

1. e4 c5 2. Nf3 d6 3. d4 cxd4 4. Nxd4 Nf6 5. Nc3 Nc6 6. Bg5 e6 7. Qd2 Qb6 8.
Bxf6 gxf6 9. Nb3 Bd7 10. Be2 h5 11. O-O Ne5 12. a4 a6 13. a5 Qc7 14. Na4 Bc6
15. Nb6 Rd8 16. f4 Bxe4 17. fxe5 fxe5 18. Bd3 Bc6 19. Rae1 d5 20. Qg5 e4 21.
Rf6 Qe7 1/2-1/2

[Event "33. Open Barbera del Valles 2010"]
[Site "Barbera del Valles ESP"]
[Date "2010.07.06"]
[Round "3.3"]
[White "Oms Pallisse, Josep"]
[Black "Fluvia Poyatos, Jordi"]
[Result "1-0"]
[WhiteElo "2494"]
[BlackElo "2467"]
[PlyCount "57"]
[EventDate "2010.07.04"]
[EventType "swiss"]
[EventRounds "9"]
[EventCountry "ESP"]
[Source "lmi"]
[SourceDate "2010.07.04"]

1. d4 Nf6 2. c4 g6 3. Nc3 d5 4. Bf4 Bg7 5. e3 O-O 6. Rc1 c5 7. dxc5 Qa5 8. cxd5
Ne4 9. Nge2 Nxc5 10. Nd4 e5 11. dxe6 Nxe6 12. Nb3 Bxc3+ 13. bxc3 Qxa2 14. Bg3
Rd8 15. Nd4 Qa5 16. Be2 Nxd4 17. exd4 Nc6 18. O-O Be6 19. Re1 Rac8 20. Bf3 Rd7
21. h3 a6 22. Bh4 Kg7 23. Qe2 Bd5 24. g4 g5 25. Bxd5 Qxd5 26. Bg3 Re7 27. Qd2
Rxe1+ 28. Rxe1 b5 29. Be5+ 1-0

[Event "33. Open Barbera del Valles 2010"]
[Site "Barbera del Valles ESP"]
[Date "2010.07.06"]
[Round "3.4"]
[White "Fedorchuk, Sergey A"]
[Black "Panelo, Marcelo"]
[Result "1-0"]
[WhiteElo "2665"]
[BlackElo "2450"]
[PlyCount "59"]
[EventDate "2010.07.04"]
[EventType "swiss"]
[EventRounds "9"]
[EventCountry "ESP"]
[Source "lmi"]
[SourceDate "2010.07.04"]

1. e4 c5 2. Nf3 d6 3. d4 cxd4 4. Nxd4 Nf6 5. Nc3 a6 6. Qf3 Nbd7 7. Be2 Qb6 8.
Nb3 e6 9. g4 Qc7 10. g5 Ne5 11. Qh3 Nfd7 12. f4 Nc6 13. Be3 g6 14. O-O-O Bg7
15. Rd2 b5 16. Rhd1 b4 17. Na4 Na5 18. Rxd6 Nb7 19. Rxe6+ fxe6 20. Qxe6+ Kf8
21. Qd5 Ke8 22. Bc4 Nf8 23. f5 Be6 24. fxe6 Rd8 25. Bb5+ Ke7 26. Bd7 Nxd7 27.
exd7 Rxd7 28. Nb6 Rdd8 29. Na5 Rxd5 30. Nxd5+ 1-0

[Event "33. Open Barbera del Valles 2010"]
[Site "Barbera del Valles ESP"]
[Date "2010.07.06"]
[Round "3.5"]
[White "Fenollar Jorda, Manuel"]
[Black "Bruzon Batista, Lazaro"]
[Result "0-1"]
[WhiteElo "2369"]
[BlackElo "2653"]
[PlyCount "76"]
[EventDate "2010.07.04"]
[EventType "swiss"]
[EventRounds "9"]
[EventCountry "ESP"]
[Source "lmi"]
[SourceDate "2010.07.04"]

1. e4 c5 2. Nf3 e6 3. d4 cxd4 4. Nxd4 a6 5. c4 Nf6 6. Nc3 Qc7 7. a3 b6 8. Be2
Bb7 9. f3 d6 10. Be3 Be7 11. O-O O-O 12. Qd2 Nbd7 13. Rfc1 Rac8 14. b4 Qb8 15.
Na4 Bd8 16. Kh1 Re8 17. Rc2 h5 18. Rb1 Ba8 19. Nb2 h4 20. Nd3 Bc7 21. h3 Nh5
22. b5 a5 23. Nc6 Bxc6 24. bxc6 Ndf6 25. c5 dxc5 26. Nxc5 Red8 27. Nd7 Ng3+ 28.
Kg1 Nxe2+ 29. Qxe2 Nxd7 30. cxd7 Rxd7 31. Rcb2 Rcd8 32. Bg5 Be5 33. Bxd8 Bxb2
34. Bxh4 Bxa3 35. Qb5 Qc8 36. Bf2 Rd6 37. Kf1 Bb4 38. Be3 Qc2 0-1

[Event "33. Open Barbera del Valles 2010"]
[Site "Barbera del Valles ESP"]
[Date "2010.07.06"]
[Round "3.6"]
[White "Iturrizaga, Eduardo"]
[Black "Perez Mitjans, Orelvis"]
[Result "1-0"]
[WhiteElo "2614"]
[BlackElo "2424"]
[PlyCount "91"]
[EventDate "2010.07.04"]
[EventType "swiss"]
[EventRounds "9"]
[EventCountry "ESP"]
[Source "lmi"]
[SourceDate "2010.07.04"]

1. d4 d5 2. c4 c6 3. Nf3 Nf6 4. e3 e6 5. b3 Nbd7 6. Bd3 Bd6 7. Bb2 O-O 8. Nbd2
Qe7 9. Ne5 Ba3 10. Bxa3 Qxa3 11. O-O c5 12. cxd5 exd5 13. Ndf3 cxd4 14. exd4
Ne4 15. Qe1 Qd6 16. Qe3 Ndf6 17. Rac1 Be6 18. Ne1 Qd8 19. f3 Nd6 20. g4 Re8 21.
Ng2 Qb6 22. Qf2 Rad8 23. Nf4 Nd7 24. Nxd7 Rxd7 25. Rc5 Qd8 26. Re1 g6 27. Re5
b6 28. Rc1 Rc7 29. Rce1 Qf6 30. Qe3 Rc3 31. Kg2 Rf8 32. Nxe6 fxe6 33. Rxe6 Qd8
34. Rc1 Rxc1 35. Qxc1 Re8 36. Qe3 Qd7 37. Re5 Rxe5 38. dxe5 Qe6 39. h3 Nf7 40.
f4 Kg7 41. Qd4 Kg8 42. Be2 g5 43. Bf3 gxf4 44. Bxd5 f3+ 45. Kxf3 Qh6 46. Bxf7+
1-0

[Event "33. Open Barbera del Valles 2010"]
[Site "Barbera del Valles ESP"]
[Date "2010.07.06"]
[Round "3.7"]
[White "Bhat, Vinay S"]
[Black "Matnadze, Ana"]
[Result "1-0"]
[WhiteElo "2536"]
[BlackElo "2422"]
[PlyCount "49"]
[EventDate "2010.07.04"]
[EventType "swiss"]
[EventRounds "9"]
[EventCountry "ESP"]
[Source "lmi"]
[SourceDate "2010.07.04"]

1. d4 Nf6 2. c4 e6 3. Nc3 Bb4 4. e3 Nc6 5. Bd3 e5 6. Nge2 d5 7. cxd5 Nxd5 8.
O-O exd4 9. Nxd4 Nxc3 10. bxc3 Bxc3 11. Nxc6 bxc6 12. Rb1 Qf6 13. Ba3 Bd7 14.
Qc2 h5 15. Be4 Rh6 16. Rfd1 Rd8 17. Rb7 Qe5 18. Rb3 f5 19. Bf3 Ba5 20. Rbd3 Qb5
21. Be2 Qe5 22. f4 Qf6 23. Qc4 Rh8 24. Bxh5+ g6 25. Bb2 1-0

[Event "33. Open Barbera del Valles 2010"]
[Site "Barbera del Valles ESP"]
[Date "2010.07.06"]
[Round "3.8"]
[White "Abreu Delgado, Aryam"]
[Black "Lorenzo De La Riva, Lazaro"]
[Result "1-0"]
[WhiteElo "2474"]
[BlackElo "2407"]
[PlyCount "57"]
[EventDate "2010.07.04"]
[EventType "swiss"]
[EventRounds "9"]
[EventCountry "ESP"]
[Source "lmi"]
[SourceDate "2010.07.04"]

1. e4 c5 2. Nf3 d6 3. d4 cxd4 4. Nxd4 Nf6 5. Nc3 g6 6. Be3 Bg7 7. f3 O-O 8. Qd2
Nc6 9. Bc4 Bd7 10. O-O-O Rc8 11. Bb3 Ne5 12. Kb1 Re8 13. h4 h5 14. g4 hxg4 15.
h5 Nxh5 16. Bh6 e6 17. Rdg1 Qf6 18. fxg4 Bxh6 19. Qxh6 Qg7 20. Qd2 Nf6 21. g5
Nh5 22. Nce2 Nc4 23. Bxc4 Rxc4 24. b3 Rc5 25. Ng3 Nxg3 26. Rxg3 Rec8 27. Rgh3
e5 28. Rh4 f5 29. Qh2 1-0

[Event "33. Open Barbera del Valles 2010"]
[Site "Barbera del Valles ESP"]
[Date "2010.07.06"]
[Round "3.9"]
[White "Gongora Reyes, Maikel"]
[Black "Gagarin, Vasilij"]
[Result "1/2-1/2"]
[WhiteElo "2451"]
[BlackElo "2403"]
[PlyCount "108"]
[EventDate "2010.07.04"]
[EventType "swiss"]
[EventRounds "9"]
[EventCountry "ESP"]
[Source "lmi"]
[SourceDate "2010.07.04"]

1. d4 d5 2. c4 c6 3. Nc3 Nf6 4. Nf3 e6 5. Bg5 h6 6. Bh4 dxc4 7. e4 g5 8. Bg3 b5
9. e5 Nh5 10. Be2 Bg7 11. a4 a6 12. Ne4 O-O 13. Nfxg5 Nxg3 14. hxg3 hxg5 15.
Qc2 f5 16. exf6 Rxf6 17. Nxf6+ Qxf6 18. Qh7+ Kf8 19. Ra3 Qxd4 20. Rf3+ Ke7 21.
Qg8 Qxb2 22. O-O Nd7 23. Rf7+ Kd6 24. Rd1+ Bd4 25. Bg4 Kc5 26. Bxe6 Bb7 27.
Qxg5+ Kb6 28. Bxd7 Rh8 29. Bh3 Bc8 30. Qe7 Bxh3 31. gxh3 Ka5 32. Qd7 Bb6 33.
Qxc6 c3 34. Rd6 Rb8 35. Qd5 c2 36. Qd2+ Qb4 37. Qxb4+ Kxb4 38. Rc6 Kxa4 39.
Rxc2 b4 40. Ra2+ Kb5 41. Rf5+ Bc5 42. Rxa6 Kxa6 43. Rxc5 b3 44. Rc1 Kb5 45. f4
Kb4 46. f5 b2 47. Rb1 Kc3 48. Kf2 Kc2 49. Rxb2+ Kxb2 50. Ke3 Kc3 51. Ke4 Rb4+
52. Ke5 Rb5+ 53. Ke4 Rb4+ 54. Ke5 Rb5+ 1/2-1/2

[Event "33. Open Barbera del Valles 2010"]
[Site "Barbera del Valles ESP"]
[Date "2010.07.06"]
[Round "3.10"]
[White "Cabrera, Alexis"]
[Black "Rahal, Michael A"]
[Result "1/2-1/2"]
[WhiteElo "2533"]
[BlackElo "2344"]
[PlyCount "40"]
[EventDate "2010.07.04"]
[EventType "swiss"]
[EventRounds "9"]
[EventCountry "ESP"]
[Source "lmi"]
[SourceDate "2010.07.04"]

1. c4 b6 2. Nc3 Bb7 3. d4 e6 4. Qc2 Bb4 5. a3 Bxc3+ 6. Qxc3 Nf6 7. f3 d5 8.
cxd5 Nxd5 9. Qb3 Qh4+ 10. g3 Qxd4 11. e4 Ne7 12. Bf4 Nbc6 13. Bxc7 Qd7 14. Bf4
Nd4 15. Qd3 Nec6 16. Rd1 Rd8 17. Kf2 Qe7 18. Bg2 e5 19. Bc1 O-O 20. Nh3 Bc8
1/2-1/2

[Event "33. Open Barbera del Valles 2010"]
[Site "Barbera del Valles ESP"]
[Date "2010.07.06"]
[Round "3.11"]
[White "Gonzalez Vidal, Yuri"]
[Black "Randazzo, Adrian"]
[Result "1-0"]
[WhiteElo "2522"]
[BlackElo "2243"]
[PlyCount "75"]
[EventDate "2010.07.04"]
[EventType "swiss"]
[EventRounds "9"]
[EventCountry "ESP"]
[Source "lmi"]
[SourceDate "2010.07.04"]

1. e4 c5 2. Nf3 d6 3. d4 cxd4 4. Nxd4 Nf6 5. Nc3 a6 6. Be2 e5 7. Nb3 Be7 8. O-O
O-O 9. Re1 Be6 10. Bf3 a5 11. a4 Na6 12. Bg5 Nb4 13. Nb5 Bxb3 14. cxb3 Rc8 15.
Re2 Rc6 16. Bd2 Ne8 17. Bxb4 axb4 18. Rd2 Nc7 19. Be2 Na6 20. Bc4 Qb8 21. Bd5
Rc5 22. Rd3 Nc7 23. Bc4 Nxb5 24. axb5 Kh8 25. Qh5 Qe8 26. Ra7 Rxb5 27. Bxb5
Qxb5 28. Rd1 g6 29. Qf3 f5 30. exf5 Rxf5 31. Rxb7 Rxf3 32. Rxb5 Rxb3 33. Rb7
Bf8 34. Rd2 e4 35. Kf1 Kg8 36. Ke2 Bg7 37. Rc2 Rxb2 38. Rxg7+ 1-0

[Event "33. Open Barbera del Valles 2010"]
[Site "Barbera del Valles ESP"]
[Date "2010.07.06"]
[Round "3.12"]
[White "Tallo Dominguez, Imar"]
[Black "Munoz Pantoja, Miguel"]
[Result "1/2-1/2"]
[WhiteElo "2204"]
[BlackElo "2494"]
[PlyCount "98"]
[EventDate "2010.07.04"]
[EventType "swiss"]
[EventRounds "9"]
[EventCountry "ESP"]
[Source "lmi"]
[SourceDate "2010.07.04"]

1. e4 c5 2. Nf3 Nc6 3. Bb5 Nf6 4. Bxc6 bxc6 5. d3 d6 6. O-O e5 7. Re1 Be7 8. c3
Bg4 9. h3 Bh5 10. Nbd2 O-O 11. Nc4 Nd7 12. g4 Bg6 13. b3 Re8 14. Ne3 Nf8 15.
Nf5 Ne6 16. Be3 Bf8 17. d4 exd4 18. cxd4 d5 19. Ne5 Rc8 20. Rc1 cxd4 21. Nxd4
Nxd4 22. Nxg6 hxg6 23. Qxd4 Rxe4 24. Qxa7 Qh4 25. Kg2 Rce8 26. f3 R4e6 27. Qd4
c5 28. Qd2 d4 29. Bf2 Qd8 30. Qd3 Qa5 31. Rxe6 Rxe6 32. Rc2 Bd6 33. Qc4 Qd8 34.
Re2 Rxe2 35. Qxe2 Bc7 36. Qd3 Qd6 37. Kf1 Qh2 38. h4 Bg3 39. Bxg3 Qxg3 40. a4
Qxh4 41. a5 Qh1+ 42. Ke2 Qa1 43. a6 g5 44. Qb5 Kh7 45. Qd3+ Kh6 46. Kd2 Qa2+
47. Kc1 Qa1+ 48. Kc2 Qa2+ 49. Kc1 Qa1+ 1/2-1/2

[Event "33. Open Barbera del Valles 2010"]
[Site "Barbera del Valles ESP"]
[Date "2010.07.06"]
[Round "3.13"]
[White "Cruz Lledo, Pablo"]
[Black "Huerga Leache, Mikel"]
[Result "1/2-1/2"]
[WhiteElo "2239"]
[BlackElo "2424"]
[PlyCount "81"]
[EventDate "2010.07.04"]
[EventType "swiss"]
[EventRounds "9"]
[EventCountry "ESP"]
[Source "lmi"]
[SourceDate "2010.07.04"]

1. d4 Nf6 2. c4 e6 3. Nc3 Bb4 4. Qc2 O-O 5. e4 c5 6. a3 Bxc3+ 7. bxc3 cxd4 8.
cxd4 d5 9. e5 Ne4 10. Bd3 Qa5+ 11. Kf1 f5 12. exf6 Nxf6 13. Nf3 dxc4 14. Bxc4
Nc6 15. Bd2 Qh5 16. Re1 Nd5 17. Re4 Rxf3 18. gxf3 Nf6 19. Rf4 Ne7 20. h4 Kh8
21. Rg1 Ng6 22. Rg5 Qh6 23. Rfg4 Nxg4 24. Rxg4 Qh5 25. Qe4 Qf5 26. Qe3 Bd7 27.
Bd3 Bb5 28. Bxb5 Qxb5+ 29. Kg2 Qf5 30. Qe4 Rf8 31. Kg3 Qf7 32. Bb4 Ne7 33. Kg2
b6 34. h5 Re8 35. Bxe7 Qxe7 36. h6 g6 37. Qe5+ Kg8 38. Re4 Qf8 39. d5 Qxh6 40.
dxe6 Qg7 41. Qd5 1/2-1/2

[Event "33. Open Barbera del Valles 2010"]
[Site "Barbera del Valles ESP"]
[Date "2010.07.06"]
[Round "3.14"]
[White "Grafl, Florian"]
[Black "Uribe Arteaga, Daniel"]
[Result "1-0"]
[WhiteElo "2416"]
[BlackElo "2233"]
[PlyCount "79"]
[EventDate "2010.07.04"]
[EventType "swiss"]
[EventRounds "9"]
[EventCountry "ESP"]
[Source "lmi"]
[SourceDate "2010.07.04"]

1. e4 c5 2. Na3 e6 3. c3 d5 4. e5 Nc6 5. Nf3 f6 6. d4 cxd4 7. cxd4 Bxa3 8. bxa3
Qa5+ 9. Qd2 Qxd2+ 10. Bxd2 Nge7 11. Bd3 O-O 12. O-O Bd7 13. Rab1 b6 14. Rfc1
Be8 15. Bb5 fxe5 16. dxe5 Rc8 17. Ba6 Rb8 18. Ng5 Nxe5 19. Bb4 N5c6 20. Bd6 Bg6
21. Ra1 Rbe8 22. Bb5 Rf5 23. Nxe6 Rf6 24. Bxe7 Nxe7 25. Bxe8 Bxe8 26. Re1 Nf5
27. Rad1 Bd7 28. Ng5 Rd6 29. Ne4 dxe4 30. Rxd6 Nxd6 31. Rd1 Nc4 32. Rxd7 a6 33.
Rd4 b5 34. a4 Kf7 35. axb5 axb5 36. a4 Ke6 37. axb5 Nd6 38. b6 Ke5 39. Rc4 e3
40. fxe3 1-0

[Event "33. Open Barbera del Valles 2010"]
[Site "Barbera del Valles ESP"]
[Date "2010.07.06"]
[Round "3.15"]
[White "Vehi Bach, Victor Manuel"]
[Black "Sanglas Clariana, Josep"]
[Result "1/2-1/2"]
[WhiteElo "2405"]
[BlackElo "2207"]
[PlyCount "63"]
[EventDate "2010.07.04"]
[EventType "swiss"]
[EventRounds "9"]
[EventCountry "ESP"]
[Source "lmi"]
[SourceDate "2010.07.04"]

1. e4 c5 2. Nf3 Nc6 3. d4 cxd4 4. Nxd4 g6 5. c4 Nf6 6. Nc3 Nxd4 7. Qxd4 d6 8.
Be2 Bg7 9. Be3 O-O 10. Qd2 Qa5 11. O-O Be6 12. Rab1 Rfc8 13. b3 Nd7 14. Rfc1 f5
15. b4 Qd8 16. exf5 Bxf5 17. Bd3 Qf8 18. f4 Bxd3 19. Qxd3 Qf5 20. Ne4 Nf6 21.
Nxf6+ Bxf6 22. Qd5+ Qxd5 23. cxd5 a6 24. Kf2 Kf7 25. Ke2 e6 26. dxe6+ Kxe6 27.
Kd3 Kd5 28. Rxc8 Rxc8 29. Rc1 Rxc1 30. Bxc1 h5 31. g3 b5 32. h3 1/2-1/2

[Event "33. Open Barbera del Valles 2010"]
[Site "Barbera del Valles ESP"]
[Date "2010.07.06"]
[Round "3.16"]
[White "Subirats Ruiz, Sergi"]
[Black "Mihailovs, Jurijs"]
[Result "0-1"]
[WhiteElo "2138"]
[BlackElo "2405"]
[PlyCount "98"]
[EventDate "2010.07.04"]
[EventType "swiss"]
[EventRounds "9"]
[EventCountry "ESP"]
[Source "lmi"]
[SourceDate "2010.07.04"]

1. e4 c5 2. Nf3 e6 3. Qe2 Nc6 4. g3 b6 5. Bg2 Bb7 6. c3 d5 7. d3 Nf6 8. e5 Nd7
9. O-O Qc7 10. Re1 Be7 11. c4 d4 12. Na3 a6 13. Nc2 g5 14. Bxg5 Ndxe5 15. Nxe5
Bxg5 16. Bxc6+ Bxc6 17. Qh5 Bf6 18. Nxf7 O-O 19. Nh6+ Kg7 20. Rxe6 Bd7 21. Re4
Be8 22. Rg4+ Kh8 23. Qd5 Bg6 24. Rf4 Rab8 25. Qe6 Bg7 26. Nf5 Be5 27. Ne7 Bxf4
28. gxf4 Qxf4 29. Nxg6+ hxg6 30. Rf1 Rf5 31. Ne1 Rh5 32. h3 Rf8 33. Qe4 Rxh3
34. Qxf4 Rxf4 35. Kg2 Rhh4 36. f3 Rh7 37. Kg3 Rf5 38. Rf2 Re7 39. Ng2 Kg7 40.
Nf4 Re1 41. Nd5 b5 42. b3 Rg1+ 43. Kh2 Rd1 44. Nc7 Rxd3 45. Kg3 bxc4 46. bxc4
Rc3 47. Ne8+ Kf8 48. Nd6 Re5 49. Kf4 Re6 0-1

[Event "33. Open Barbera del Valles 2010"]
[Site "Barbera del Valles ESP"]
[Date "2010.07.06"]
[Round "3.17"]
[White "Mestre Bellido, Hector"]
[Black "Sayrol Clols, Jose M"]
[Result "0-1"]
[WhiteElo "2404"]
[BlackElo "2099"]
[PlyCount "74"]
[EventDate "2010.07.04"]
[EventType "swiss"]
[EventRounds "9"]
[EventCountry "ESP"]
[Source "lmi"]
[SourceDate "2010.07.04"]

1. e4 c5 2. Nf3 Nc6 3. d4 cxd4 4. Nxd4 Nf6 5. Nc3 e5 6. Ndb5 d6 7. Bg5 a6 8.
Na3 b5 9. Nd5 Be7 10. Bxf6 Bxf6 11. c4 Bg5 12. cxb5 Qa5+ 13. Nc3 Nd4 14. Bd3
O-O 15. O-O axb5 16. Naxb5 Be6 17. Nxd6 Qb4 18. Ndb5 Nxb5 19. Bxb5 Qxb2 20. Qd3
Ra3 21. Na4 Qb4 22. Rab1 Qxa4 23. Qd6 Qa5 24. Qxe5 Bf6 25. Qf4 Rxa2 26. e5 Be7
27. Bd3 Qd2 28. Qe4 g6 29. Rbd1 Qb4 30. Qe3 Rd8 31. Be4 Rad2 32. Rc1 Qd4 33.
Qf4 Bc5 34. h4 Bc4 35. e6 Bxe6 36. h5 Bc4 37. hxg6 hxg6 0-1

[Event "33. Open Barbera del Valles 2010"]
[Site "Barbera del Valles ESP"]
[Date "2010.07.06"]
[Round "3.18"]
[White "Ezquerro Luque, Albert"]
[Black "Aderito, Pedro"]
[Result "0-1"]
[WhiteElo "1981"]
[BlackElo "2333"]
[PlyCount "50"]
[EventDate "2010.07.04"]
[EventType "swiss"]
[EventRounds "9"]
[EventCountry "ESP"]
[Source "lmi"]
[SourceDate "2010.07.04"]

1. e4 c5 2. Nc3 a6 3. g3 Nc6 4. Bg2 g6 5. Nge2 Bg7 6. d3 e6 7. O-O Nge7 8. f4
d6 9. g4 f5 10. h3 O-O 11. Ng3 Kh8 12. g5 Bd7 13. h4 Qb6 14. Kh2 e5 15. exf5
Bxf5 16. h5 exf4 17. Nxf5 Rxf5 18. hxg6 Nxg6 19. Qg4 Raf8 20. Be4 Nce5 21. Qh5
Qd8 22. Bxf5 Rxf5 23. Ne4 d5 24. Nxc5 Rxg5 25. Qd1 Rg4 0-1

[Event "33. Open Barbera del Valles 2010"]
[Site "Barbera del Valles ESP"]
[Date "2010.07.06"]
[Round "3.19"]
[White "Vilela De Acuna, Jose Luis"]
[Black "Ridameya Tatche, Jose Miguel"]
[Result "1-0"]
[WhiteElo "2329"]
[BlackElo "2060"]
[PlyCount "117"]
[EventDate "2010.07.04"]
[EventType "swiss"]
[EventRounds "9"]
[EventCountry "ESP"]
[Source "lmi"]
[SourceDate "2010.07.04"]

1. d4 d5 2. Nf3 Nf6 3. c4 c6 4. cxd5 cxd5 5. Nc3 Nc6 6. Bf4 e6 7. e3 Bd6 8.
Bxd6 Qxd6 9. Bd3 O-O 10. O-O a6 11. Rc1 e5 12. dxe5 Nxe5 13. Be2 Be6 14. Qd4
Nc6 15. Qh4 Rac8 16. Rfd1 Qb4 17. Qxb4 Nxb4 18. Nd4 Rfd8 19. a3 Nc6 20. Nxc6
Rxc6 21. Bf3 Rdc8 22. Rd4 Rc4 23. Rcd1 Rxd4 24. Rxd4 Kf8 25. g4 h6 26. Nxd5
Bxd5 27. Bxd5 Nxd5 28. Rxd5 Rc2 29. b4 Rc3 30. a4 Ke7 31. Rd4 Ke6 32. a5 Rc6
33. Kg2 Rc2 34. Kg3 Rc6 35. h4 b6 36. axb6 Rxb6 37. h5 Rb5 38. Kf4 a5 39. bxa5
Rxa5 40. Rb4 Ra6 41. Rb8 Ke7 42. Rg8 Kf6 43. e4 Ra5 44. f3 Ra4 45. Rb8 Ke7 46.
Kf5 Ra5+ 47. e5 f6 48. Rb7+ Kf8 49. Kg6 Rxe5 50. Rf7+ Kg8 51. Rxg7+ Kh8 52.
Rh7+ Kg8 53. Ra7 Re8 54. Kxh6 Rf8 55. Kg6 Kh8 56. Rf7 Rg8+ 57. Kxf6 Rg7 58. g5
Rg8 59. g6 1-0

[Event "33. Open Barbera del Valles 2010"]
[Site "Barbera del Valles ESP"]
[Date "2010.07.06"]
[Round "3.21"]
[White "Jareno Badenas, Aleix"]
[Black "Tarrago Antoni, Maurici"]
[Result "1/2-1/2"]
[WhiteElo "1967"]
[BlackElo "2258"]
[PlyCount "119"]
[EventDate "2010.07.04"]
[EventType "swiss"]
[EventRounds "9"]
[EventCountry "ESP"]
[Source "lmi"]
[SourceDate "2010.07.04"]

1. e4 c5 2. Nc3 a6 3. f4 b5 4. d4 cxd4 5. Qxd4 Bb7 6. Bd3 Nc6 7. Qf2 e6 8. Nf3
Nge7 9. O-O d5 10. e5 g6 11. Ne2 Nf5 12. Bxf5 gxf5 13. Ned4 Na5 14. b3 Rc8 15.
Be3 Nc6 16. Nxc6 Bxc6 17. Bc5 d4 18. Bxf8 Bxf3 19. Qxf3 Kxf8 20. Rfd1 Rxc2 21.
Qd3 Rc5 22. Qxd4 Rd5 23. Qc5+ Rxc5 24. Rxd8+ Kg7 25. Rd6 a5 26. Rad1 Ra8 27.
R6d4 a4 28. bxa4 bxa4 29. R1d2 a3 30. R4d3 Ra4 31. g3 Rb5 32. Kf2 h5 33. Ke2
Rb1 34. Kf2 h4 35. Re3 Kg6 36. Red3 h3 37. Re3 Rh1 38. Kf3 Rg1 39. Ree2 Rb4 40.
Ke3 Kh5 41. Kf2 Rg2+ 42. Kf3 Rb2 43. Rxg2 hxg2 44. Rxg2 Rb1 45. h3 Rb2 46. Re2
Kg6 47. Ke3 Rb1 48. Kd4 Rb2 49. Kd3 Rb1 50. Kc3 Rg1 51. Re3 Rh1 52. h4 Rb1 53.
Kc4 Kh5 54. Rxa3 Rb2 55. Kc5 Rd2 56. Kc6 Kg4 57. Kb6 Rc2 58. Kb5 Rb2+ 59. Kc4
Rc2+ 60. Kb5 1/2-1/2

[Event "33. Open Barbera del Valles 2010"]
[Site "Barbera del Valles ESP"]
[Date "2010.07.06"]
[Round "3.22"]
[White "Capellades Subirana, Marc"]
[Black "Chueca Forcen, Alberto"]
[Result "0-1"]
[WhiteElo "2268"]
[BlackElo "2280"]
[PlyCount "82"]
[EventDate "2010.07.04"]
[EventType "swiss"]
[EventRounds "9"]
[EventCountry "ESP"]
[Source "lmi"]
[SourceDate "2010.07.04"]

1. e4 Nf6 2. Nc3 e5 3. Nge2 Nc6 4. g3 Bc5 5. Bg2 d6 6. O-O Be6 7. Na4 Qd7 8.
Nxc5 dxc5 9. d3 Bh3 10. Be3 h5 11. f4 h4 12. f5 Ng4 13. Bxc5 Bxg2 14. Kxg2 Nd4
15. Qd2 b6 16. h3 Nxe2 17. Qxe2 Nf6 18. Be3 hxg3 19. Kxg3 O-O-O 20. Kh2 Rh5 21.
Rg1 Rdh8 22. Rg3 g6 23. Rf1 gxf5 24. exf5 Rxf5 25. Rfg1 Kb8 26. Qg2 Qe6 27. a4
a5 28. b3 Nd5 29. Bd2 Nf4 30. Qe4 Ka7 31. Bxf4 Rxf4 32. Qe3 Rfh4 33. Re1 R8h5
34. c4 f5 35. Qxe5 Qxe5 36. Rxe5 f4 37. Rgg5 Rxh3+ 38. Kg2 Rxg5+ 39. Rxg5 Rxd3
40. b4 axb4 41. a5 Rg3+ 0-1